书目信息 |
| 题名: |
常用中药安全性检测
|
|
| 作者: | 张贵君 , 刘墨祥 , 杨舒 编著 | |
| 分册: | ||
| 出版信息: | 北京 化学工业出版社 2008 |
|
| 页数: | 275页 | |
| 开本: | 24cm | |
| 丛书名: | 中药科学鉴定方法与技术丛书 | |
| 单 册: | ||
| 中图分类: | R282.5 | |
| 科图分类: | ||
| 主题词: | 中药鉴定学 | |
| 电子资源: | ||
| ISBN: | 978-7-122-02113-7 | |
| 000 | 01029oam2 2200277 45 | |
| 001 | 1029967898 | |
| 005 | 20100708110647.79 | |
| 010 | @a978-7-122-02113-7@dCNY38.00 | |
| 100 | @a20100420d2008 em y0chiy0110 ea | |
| 101 | 0 | @achi |
| 102 | @aCN@b110000 | |
| 105 | @ay z 000yy | |
| 106 | @ar | |
| 200 | 1 | @a常用中药安全性检测@AChang Yong Zhong Yao An Quan Xing Jian Ce@f张贵君,刘墨祥,杨舒等编著@FZhang Gui Jun, Liu Mo Xiang, Yang Shu Deng Bian Zhu |
| 210 | @a北京@c化学工业出版社@d2008 | |
| 215 | @a275页@d24cm | |
| 225 | 2 | @a中药科学鉴定方法与技术丛书 |
| 330 | @a本书从中药中有机农药残留量的测定、黄曲霉毒素的测定、有害重金属的测定、砷盐的检测、中药中杂质的检测、毒性检测、过敏性检测等论述了常用中药安全性检测方法与技术。 | |
| 461 | 0 | @12001 @a中药科学鉴定方法与技术丛书 |
| 606 | 0 | @a中药鉴定学 |
| 690 | @aR282.5@v4 | |
| 701 | 0 | @a张贵君@AZhang Gui Jun@4编著 |
| 701 | 0 | @a刘墨祥@ALiu Mo Xiang@4编著 |
| 701 | 0 | @a杨舒@AYang Shu@4编著 |
| 801 | 0 | @aCN@bTANGWEI@c20100708 |
| 905 | @b0595015-19@dR282.5@e267@f5 | |
| 常用中药安全性检测/张贵君,刘墨祥,杨舒等编著.-北京:化学工业出版社,2008 |
| 275页;24cm.-(中药科学鉴定方法与技术丛书) |
| ISBN 978-7-122-02113-7:CNY38.00 |
| 本书从中药中有机农药残留量的测定、黄曲霉毒素的测定、有害重金属的测定、砷盐的检测、中药中杂质的检测、毒性检测、过敏性检测等论述了常用中药安全性检测方法与技术。 |
| ● |
| 相关链接 |
|
|
|
|
正题名:常用中药安全性检测
索取号:R282.5/267
 
预约/预借
| 序号 | 登录号 | 条形码 | 馆藏地/架位号 | 状态 | 备注 |
| 1 | 0595015 | 205950158 | 第二样本阅览室/ [索取号:R282.5/267] | 在馆 | |
| 2 | 0595016 | 205950167 | 第三借阅区/ [索取号:R282.5/267] | 在馆 | |
| 3 | 0595017 | 205950176 | 第三借阅区/ [索取号:R282.5/267] | 在馆 | |
| 4 | 0595018 | 205950185 | 第三借阅区/ [索取号:R282.5/267] | 在馆 | |
| 5 | 0595019 | 205950194 | 第三借阅区/ [索取号:R282.5/267] | 在馆 |